Mario Maker Teams - Statistics

General Stats
  • This quiz has been taken 15 times
  • The average score is 10 of 13
Answer Stats
Answer % Correct
Team Jamp
100%
Team Pipe
100%
Team Precision
100%
Team Shell
100%
Team Power Up
89%
Team Speedrun
78%
Team Consistency
67%
Team Icicle
67%
Team P-Switch
67%
Curated Trolls
56%
Team Flight
56%
Team Music
44%
Team Power Balloon
33%
No matching quizzes found
Score Distribution
Percent of People with Each Score
Percentile by Number Answered
Your Score History
You have not taken this quiz